000 00721nam a22002417a 4500
005 20170124105927.0
010 _aA-48502
020 _c00
035 h _aA-48502
037 _bCen Lib/Ret
040 _aDPL
_bEN
082 _a330
_bBIL
100 _aBilas, Rechard A.
_984854
245 _aProblems in micro economics /
_cby Recchard A. Bilas, Rechard S. Willace
246 _b
260 _bTata McGraw Hill Publishing Company
_c1979
_aNew Delhi
270 _bNew Delhi
_a5/33, Kirti Nagar
_e110015
300 _aviii, 255p. ;
_c21cm(Hb)
_bill.
650 _aMicro economics
_984855
650 _aAnalysis
_984856
700 _aWallace, Richard S.
_984857
942 _2ddc
_cEN
_h330
_mBIL
999 _c123543
_d123543